000
00335nam a2200157Ia 4500
001
9919
008
140327s9999 xx 000 0 und d
020
_a
0-85058-057-9
040
_c
PK-LaUMT
082
_a
R 330.091724
_b
WOR-
245
_a
World business cycles
260
_c
1982
300
_a
191 p.
546
_a
EN
942
_c
BK
999
_c
10983
_d
10983